Working Papers (Record no. 120556)

MARC details
000 -LEADER
fixed length control field 00654cam a2200181 4500
001 - CONTROL NUMBER
control field L136154
008 - FIXED-LENGTH DATA ELEMENTS--GENERAL INFORMATION
fixed length control field 070115n 000 0 eng u
035 ## - SYSTEM CONTROL NUMBER
System control number (Sirsi) u136154
041 0# - LANGUAGE CODE
Language code of text/sound track or separate title eng
110 2# - MAIN ENTRY--CORPORATE NAME
Corporate name or jurisdiction name as entry element Donaldsons
9 (RLIN) 3333
245 00 - TITLE STATEMENT
Title Working Papers
520 ## - SUMMARY, ETC.
Summary, etc. Gateway to recent research and publications on market trends in the commercial property sector. Particular focus on valuation issues. Includes research on international markets.
590 ## - LOCAL NOTE (RLIN)
Local note KA
651 #4 - SUBJECT ADDED ENTRY--GEOGRAPHIC NAME
Geographic name International
690 ## - LOCAL SUBJECT ADDED ENTRY--TOPICAL TERM (OCLC, RLIN)
Topical term or geographic name as entry element PROPERTY-COMMERCIAL PROPERTY
856 40 - ELECTRONIC LOCATION AND ACCESS
Uniform Resource Identifier <a href="https://www.donaldsons.co.uk/">https://www.donaldsons.co.uk/</a>
Public note View the website free of charge at www.donaldsons.co.uk...
942 ## - ADDED ENTRY ELEMENTS (KOHA)
Suppress in OPAC 0
Holdings
Withdrawn status Lost status Source of classification or shelving scheme Damaged status Not for loan Home library Current library Shelving location Date acquired Total Checkouts Full call number Barcode Date last seen Copy number Price effective from Koha item type
    Dewey Decimal Classification     Virtual Virtual Online 15/01/2007   WEBSITE 136154-2001 06/08/2019 1 06/08/2019 Online material